Normal view
MARC view
- القصة العربية-فلسطين-الاردن-تاريخ ونقد-القرن 20
Entry Topical Term
001 - CONTROL NUMBER
- control field: 62007
003 - CONTROL NUMBER IDENTIFIER
- control field: JO-AjAnu
005 - DATE AND TIME OF LATEST TRANSACTION
- control field: 20230606084128.0
008 - FIXED-LENGTH DATA ELEMENTS
- fixed length control field: 230606|| aca||aabn | a|a d
040 ## - CATALOGING SOURCE
- Original cataloging agency: JO-AjAnu
- Transcribing agency: JO-AjAnu
150 ## - HEADING--TOPICAL TERM
- Topical term or geographic name entry element: القصة العربية-فلسطين-الاردن-تاريخ ونقد-القرن 20
670 ## - SOURCE DATA FOUND
- Source citation: Work cat.: (JO-AjAnu)31624: الماضي، شكري عزيز, author 62006, الرواية العربية في فلسطين والاردن في القرن العشرين مع ببليوجرافيا